• 首页
  • 本馆介绍
  • 公告通知
  • 最新文献
  • 馆藏检索
  • 电子资源
  • 读者导购
  • 参考咨询
  • 我的图书馆
  • 登录
  • 详细信息显示
  • 放入我的书架
  • 预约/预借图书
  • 作者相关作品
  • 分类相关作品
  • 丛书相关作品
  • 出版社相关作品

书目信息

  • 表格格式
  • 工作单格式
  • 卡片格式
书名: Soaring wings
作者: by George Palmer Putnam.
分册号:
分册名:
出版地: New York :
 
出版社: Harcourt, Brace and Company
出版时间: [c1939].
页数: x, 294 p. :
开本: 21 cm.
丛书名:
中图分类号:
科图分类号:
其他分类号: K837.12
主题词:
电子资源:
000 00895cam a22002651 450
001 E0729434667
005 20070519081930.93
008 760622s1939 nyuacfh 000 0beng
010    @a39027687
035    @A(DLC) 39027687
035    @a(OCoLC)2272984
040    @aDLC@cDSI@dOCoLC@dODaWU@dOCoLC@dDLC
050 00 @aTL540.E3@bZ8
082    @a926.29
090    @aK837.12
099    @dK837.12@ex68
100 1  @aPutnam, George Palmer,@d1887-1950.
245 10 @aSoaring wings :@ba biography of Amelia Earhart / @cby George Palmer Putnam.
260    @aNew York :@bHarcourt, Brace and Company,@c[c1939].
300    @ax, 294 p. :@bfront., illus. (facsims.) plates, ports. ;@c21 cm.
500    @a"First edition."
600 10 @aEarhart, Amelia,@d1897-1937.
906    @a7@bcbc@coclcrpl@du@encip@f19@gy-gencatlg
985    @eOCLC REPLACEMENT
991    @bc-GenColl@hTL540.E3@iZ8@tCopy 1@wOCLCREP
    
    Soaring wings : : a biography of Amelia Earhart / / by George Palmer Putnam.-New York : : Harcourt, Brace and Company, , [c1939].
    x, 294 p. : : front., illus. (facsims.) plates, ports. ; ; 21 cm.
    "First edition."
    
    ISBN
    
●
相关链接 在E读中查询图书 在五车中查询图书 在当当中查询图书 在豆瓣中查询图书


正题名:Soaring wings     索取号:K837.12/x68         预约/预借

序号 登录号 条形码 馆藏地/架位号 状态 备注
1 008529   300085299   第二样本阅览室/ [索取号:K837.12/x68] 在馆    
唐山师范学院图书馆 欢迎您!
大连网信软件有限公司© 版权所有